000 00943nam a2200265 i 4500
003 DO-SdBNP
005 20250107131649.0
008 250107b2024 dr ||||| |||| 00| 0 spa d
020 _a9789945943191
040 _aDO-SdBNP
_bspa
_cBNPHU
_erda
082 2 _222
_axxx
_bR618i
100 1 _aRivas, Marisol,
_eautor
_4aut.
_986876
245 1 0 _aCorre, linda :
_bel infierno no es cuando sufres. El infierno es cuando sufres y nadie lo sabe /
_cMarisol Rivas ; prólogo, Judith Leclerc ; editor, Ericarol Carlo
250 _aPrimera edición
264 4 _aSanto Domingo :
_bFutura RD,
_c©2024.
300 _a167 páginas ;
_c23 cm.
336 _atexto
_btxt
_2rdacontent
337 _asin mediación
_bnc
_2rdamedia
338 _avolumen
_bnc
_2rdacarrier
590 _aInventariado, 2025/BT
700 1 _aLeclerc, Judith,
_eprologuista
_4pr.
_986877
700 1 _aCarlo, Ericarol,
_eeditor
_4ed.
_985615
910 _aBtavárez
942 _2ddc
_cLBS1
999 _c57992
_d57992